| 000 | 00516nam a2200205 a 4500 | ||
|---|---|---|---|
| 001 | BRCA_6575 | ||
| 005 | 20190320205517.0 | ||
| 008 | 300911s1920----gw-#######---#000-0#ger-# | ||
| 041 | _ager | ||
| 044 | _agw | ||
| 050 | 4 |
_aPT2603 _b.O395 W4 1920 |
|
| 100 | 1 |
_aBölsche, Wilhelm _d1861- _916327 |
|
| 245 | 1 | 0 |
_aWeltblick _cWilhelm Bölsche. |
| 260 |
_aDresde, Alemania _bCarl Reiszner _c1920 |
||
| 300 |
_aviii, 351 p. _c22 cm. |
||
| 500 | _aL118 | ||
| 650 | 1 | 4 |
_aLiteratura _916400 |
| 902 | _aGFM | ||
| 942 |
_2lcc _cB |
||
| 999 |
_c6259 _d6259 |
||